Locutions et expressions latines - Statistiques

Statistiques générales
  • Ce quiz a été pris 233 fois
  • Le résultat moyen est 6 sur 20
Statistiques - réponses
Questions Réponses % Correct
Etc. Et caetera
85%
Cueille le jour Carpe diem
67%
Je vous salue Marie Ave Maria
62%
La loi est dure mais c'est la loi. Dura lex, sed lex
58%
À plus forte raison. A fortiori
47%
Elle tangue mais ne sombre pas Fluctuat nec mergitur
43%
Pour la vie éternelle. Ad vitam aeternam
42%
Ceux qui vont mourir te saluent. Morituri te salutant
35%
Après coup A posteriori
25%
Dieu le veut. Deus vult
25%
Du pain et des jeux Panem et circenses
21%
À cet effet/Pour cela/Adapté Ad hoc
20%
Au nom du Père et du Fils et du Saint Esprit In nomine Patris, et Filii, et Spiritus Sancti
17%
Dieu merci. Deo gratias
16%
Contre la personne Ad hominem
14%
Je t'absous Ego te absolvo
10%
Envers tous/À l'égard de tous. Erga omnes
6%
Bienheureux les pauvres d'esprit Beati pauperes spiritu
5%
Garde ton corps Habeas corpus
5%
Bon gré mal gré Nolens volens
2%
Aucun quiz correspondant
Distribution des résultats
% des personnes avec chaque résultat
Percentile par nombre de réponses
Votre historique - résultats
Vous n’avez pas pris ce quiz